00381nam a2200181Ia 4500003000900000008004100009040001300050040001300063041000800076100001800084245003400102250001200136260002100148260000900169300000800178490000700186490000600193IT-RoPAU120407s9999 xx 000 0 und d aIT-RoPAU cIT-RoPAU aita aCarlo Cremona aMaria, Madre di vita sociale. aCatania aEdizioni Paoline c1959 c cm aSm v1